| 000 | 00920nam a2200229 a 4500 | ||
|---|---|---|---|
| 001 | 5876 | ||
| 003 | CDMR | ||
| 005 | 20151016124802.0 | ||
| 008 | 130220s2004||||||||||||||||||||||||||||d | ||
| 020 | _a848878855X | ||
| 040 |
_aCDMR _bcat _cCDMR |
||
| 245 | 0 | 0 |
_aManual de información en género _cPilar López Díez (editora) ; Miguel Ángel Ortiz sobrino (coordinador) ; Juan Cuesta Rico, Virginia Martínez Marín |
| 260 |
_aMadrid _bInstituto Oficial de Radio y Televisión |
||
| 260 |
_bMinisterio de Trabajo y Asuntos Sociales. Instituto de la Mujer _c2004 |
||
| 300 |
_a222 p ; _c20 cm |
||
| 650 | 0 | 4 |
_93818 _aMitjans de comunicació de massa i dones |
| 650 | 0 | 4 |
_94436 _aPaper segons el sexe en els mitjans de comunicació de massa |
| 700 | 1 |
_92898 _aLópez Díez, Pilar _eed. |
|
| 700 | 1 |
_9600 _aOrtiz, Miguel Ángel _ecoor. |
|
| 710 | 2 |
_92097 _aInstituto Oficial de Radio y Televisión (Espanya) |
|
| 942 |
_cMON _2udc |
||
| 999 |
_c5876 _d5876 |
||